书目信息 |
| 题名: |
英文打字读本
|
|
| 作者: | 张启兴 , 余振雄 编 | |
| 分册: | ||
| 出版信息: | 上海 上海科学技术出版社 1984 |
|
| 页数: | 186页 | |
| 开本: | 19cm | |
| 丛书名: | ||
| 单 册: | ||
| 中图分类: | TS879 | |
| 科图分类: | ||
| 主题词: | 印刷--技术 | |
| 电子资源: | ||
| ISBN: | ||
| 000 | 00666nam0 2200253 45 | |
| 001 | 0184010960 | |
| 005 | 20040518145830.9 | |
| 010 | @dCNY0.65 | |
| 091 | @a15119.2304 | |
| 100 | @a19950608d1984 em y0chiy0121 ea | |
| 101 | 0 | @achi |
| 102 | @aCN@b310000 | |
| 105 | @ay z 000yy | |
| 106 | @ar | |
| 200 | 10 | @a英文打字读本@Aying wen da zi du ben@f张启兴,余振雄编 |
| 210 | @a上海@c上海科学技术出版社@d1984 | |
| 215 | @a186页@d19cm | |
| 606 | 0 | @a印刷@x技术 |
| 690 | @aTS879 | |
| 701 | 0 | @a张启兴@Azhang qi xing@4编 |
| 701 | 0 | @a余振雄@Ayu zhen xiong@4编 |
| 801 | 0 | @aCN@b上海图书馆@c20040518 |
| 801 | 2 | @aCN@bNLC@c20040518 |
| 905 | @f1@b168116@dTS879@e16 | |
| 英文打字读本/张启兴,余振雄编.-上海:上海科学技术出版社,1984 |
| 186页;19cm |
| ISBN :CNY0.65 |
| ● |
| 相关链接 |
|
|
|
|
正题名:英文打字读本
索取号:TS879/16
 
预约/预借
| 序号 | 登录号 | 条形码 | 馆藏地/架位号 | 状态 | 备注 |
| 1 | 0168116 | 001479475 | 第三借阅区/ [索取号:TS879/16] | 在馆 | |
| 2 | 0168117 | 001479466 | 第二样本阅览室/ [索取号:TS879/16] | 在馆 |